Bulletin of the World Health Organization. Supplement.
Збережено в:
| Співавтор: | |
|---|---|
| Формат: | Книга |
| Опубліковано: |
Geneva, Switzerland :
WHO,
2012
|
| Серія: | Volume 90, Number 8, August 2012, 557-632
|
| Предмети: | |
| Онлайн доступ: | http://www.who.int/bulletin/volumes/90/8/en/index.html |
| Теги: |
Додати тег
Немає тегів, Будьте першим, хто поставить тег для цього запису!
|
| LEADER | 01385nam a22003017a 4500 | ||
|---|---|---|---|
| 022 | 0 | |a 0042-9686 | |
| 040 | |a FGULS | ||
| 060 | 0 | 0 | |a W1 |
| 110 | |a World Health Organization. |9 11 | ||
| 210 | 0 | |a Bull. World Health Organ., Suppl. | |
| 222 | 0 | |a Bulletin of the World Health Organization. Supplement | |
| 245 | 0 | 0 | |a Bulletin of the World Health Organization. |p Supplement. |
| 260 | |a Geneva, Switzerland : |b WHO, |c 2012 | ||
| 300 | |a 557-632p. ; |b ill, ; | ||
| 362 | 0 | |a 557-632 | |
| 440 | |a Volume 90, Number 8, August 2012, 557-632 |9 102 | ||
| 515 | |a No more published? | ||
| 525 | |a Some supplements are unnumbered. | ||
| 650 | 2 | |a Public Health |v Periodicals. |9 94 | |
| 650 | 0 | |a Public health |x Periodicals. |9 95 | |
| 772 | 1 | |t Bulletin of the World Health Organization |w (DLC) 52004897 |w (OCoLC)1588496 | |
| 775 | 1 | |t Bulletin of the World Health Organization. Supplement. Spanish. Boletín de la Organización Mundial de la Salud. Suplemento | |
| 775 | 1 | |t Bulletin of the World Health Organization. Supplement. French. Bulletin de l'Organisation mondiale de la santé. Supplément | |
| 850 | |a Nepal Health Research Council | ||
| 856 | |u http://www.who.int/bulletin/volumes/90/8/en/index.html | ||
| 942 | |2 NLM |c WHOR | ||
| 952 | |0 0 |1 0 |2 NLM |4 0 |6 W_1_000000000000000_WHO_2012 |7 0 |8 REF |9 809 |a NHRC |b NHRC |c REF |d 2012-09-07 |l 0 |o W1/WHO/2012 |p WHO-00001 |r 2012-09-07 |w 2012-09-07 |y WHOR | ||
| 999 | |c 777 |d 777 | ||